Statystyki dla 15 Najmniejszych Krajów na Świecie

Kliknij tutaj aby rozwiązać quiz!

Ogólne statystyki

  • Ten quiz został rozwiązany 61 razy
  • Średni wynik to 8 z 15

Statystyki odpowiedzi

HintOdpowiedź% Poprawnych
0,44 km2Watykan
98%
61 km2San Marino
95%
160 km2Liechtenstein
86%
2,02 km2Monako
80%
316 km2Malta
68%
26 km2Tuvalu
46%
21,3 km2Nauru
44%
181 km2Wyspy Marshalla
42%
452 km2Seszele
39%
442 km2Antigua i Barbuda
37%
289 km2Malediwy
37%
430 km2Barbados
31%
344 km2Grenada
31%
261 km2St. Kitts i Nevis
12%
389 km2St. Vincent i Grenadyny
10%

Rozkład punktacji

Percentyl według liczby udzielonych odpowiedzi

Procent ludzi z każdym wynikiem

Twoja historia wyników

Nie rozwiązałeś tego quizu